000
00215nam a2200097Ia 4500
008
190216s9999||||xx |||||||||||||| ||und||
100
_a
Terjaneev
245
0
_a
Malayalam-Roodin
260
_b
Nbs Kottayam
942
_c
BK
999
_c
30316
_d
30316